000 01276nam a2200301 i 4500
003 EG-GICUC
005 20260121101544.0
008 251229s1983 ku ||||fr|||| 00| 0 ara d
040 _a EG-GICUC
_bara
_c EG-GICUC
_d EG-GICUC
_erda
041 0 _aara
082 0 4 _221
_a345.43
_bع ا . ق
092 0 4 _221
099 _aLaw1 07 345.43 ع ا . ق 1983
100 0 _aعادل الططبائي
_eمؤلف.
245 1 0 _aقانون الخدمة المدنية الكويتي الجديد :
_bدراسة تطبيقية لقرارات مجلس الخدمة المدنية و فتاوي ديوان الموظفين وإدارة الفتوى والتّشريع /
_cدكتور عادل الططبائي.
264 1 _aالكويت :
_bكلية الحقوق _جامعة الكويت،
_c1983.
300 _a542 صفحة؛
_c24 سم.
336 _2rda content
_atext
337 _2rda media
_aComputer
338 _2rda carrier
_aOnline Resource
504 _aيشتمل على إرجاعات ببليوجرافية.
546 _aالنص باللغة العربية
650 1 4 _aحقوق الموظف العام
650 1 4 _aالقانون الإداري
856 4 0 _uhttps://fll.law.cu.edu.eg/fulltext/bks/B07-01176.pdf
905 _a32
942 _2ddc
_cBK
_e21
_n0
999 _c52947
_d52947